[Event "Steyr Landesliga 2122"]
[Site "Austria"]
[Date "2022.01.15"]
[Round "3.6"]
[White "Kahr, Martin"]
[Black "Kapus, Florian"]
[Result "0-1"]
[WhiteElo "1697"]
[BlackElo "1931"]
[PlyCount "120"]
[EventDate "2021.10.16"]
[EventType "team-tourn"]
[EventRounds "11"]
[EventCountry "AUT"]
[SourceTitle "EXT 2023"]
[Source "ChessBase"]
[SourceDate "2022.10.05"]
[SourceVersion "1"]
[SourceVersionDate "2022.10.05"]
[SourceQuality "1"]
[WhiteTeam "Baernbach"]
[BlackTeam "Gratwein Strassengel"]
[WhiteTeamCountry "AUT"]
[BlackTeamCountry "AUT"]

1. d4 Nf6 2. c4 e6 3. Nf3 b6 4. Nc3 Bb4 5. Qc2 Bb7 6. Bg5 h6 7. Bh4 d6 8. e3 Nbd7 9. Be2 0-0 10. 0-0 d5 11. cxd5 exd5 12. Rac1 Re8 13. Rfd1 Rc8 14. Qa4 a5 15. Nb5 c6 16. Nc3 Bd6 17. Qc2 Qc7 18. Qf5 g6 19. Qh3 Bf8 20. Bg3 Qd8 21. Ne5 Nxe5 22. Bxe5 Kh7 23. g4 Ng8 24. Bd3 Bg7 25. Qf3 Qd7 26. Bxg7 Kxg7 27. Ne2 Nf6 28. h3 c5 29. Bb1 Qe7 30. h4 Ne4 31. h5 Rc6 32. Nf4 Rf6 33. Qg2 g5 34. Nh3 Re6 35. f4 f6 36. f5 Rc6 37. Bxe4 Qxe4 38. Qxe4 Rxe4 39. Nf2 Rxe3 40. Re1 Rxe1+ 41. Rxe1 Kf7 42. Re2 cxd4 43. Rd2 Ke7 44. Nh3 Kd6 45. Kf2 Ba6 46. Ng1 d3 47. Nf3 Rc2 48. Ke3 Kc5 49. Nd4 Rxd2 50. Ne6+ Kd6 51. Kxd2 Ke5 52. Nc7 Bb7 53. Ne6 d4 54. Kxd3 Bf3 55. Nxd4 Bxg4 56. Kc4 Bxf5 57. Nc6+ Kd6 58. Kb5 Bd7 59. Kxb6 Bxc6 60. Kxa5 g4 0-1